| 000 | 00784nam a2200229 i 4500 | ||
|---|---|---|---|
| 001 | 100702 | ||
| 003 | ES-MaACL | ||
| 005 | 20230906182729.0 | ||
| 007 | t| | ||
| 008 | 051004s1974 sp |||| | spa d | ||
| 245 | 0 | 0 |
_aMatemáticas en las ciencias del comportamiento / _cR. Carnap, O. Morgenstern, N. Wiener...; introducciones de David M. Messick; versión de Jesús Hernández. |
| 260 |
_aMadrid : _bAlianza, _c1974. |
||
| 300 |
_a484 p. : _bil. ; _c20 cm. |
||
| 490 | 1 | _aAlianza universidad | |
| 650 | 4 |
_aCiencias sociales- _xModelos matemáticos. _9166881 |
|
| 700 | 1 |
_aCarnap, Rudolf. _935357 |
|
| 700 | 1 |
_aMessick, David M. _980687 |
|
| 700 | 1 |
_aHernández, Jesús. _962823 |
|
| 830 | 0 |
_aAlianza universidad _9177276 |
|
| 852 |
_aES-MaACL _jE-6123 |
||
| 999 |
_c100702 _d100702 |
||